|
|
|
|
| LEADER |
03840nam a2200757 4500 |
| 001 |
ocn671395185 |
| 003 |
OCoLC |
| 005 |
20170124070654.4 |
| 006 |
m o d |
| 007 |
cr cnu---unuuu |
| 008 |
101021s2011 enka ob 001 0 eng d |
| 010 |
|
|
|z 2010015117
|
| 040 |
|
|
|a N$T
|b eng
|e pn
|c N$T
|d E7B
|d EBLCP
|d OCLCQ
|d MHW
|d OCLCQ
|d YDXCP
|d OCLCQ
|d OCLCF
|d OCLCQ
|d CDX
|d UAB
|d NLGGC
|d DEBBG
|d DG1
|d OCLCQ
|d COO
|d OCLCQ
|d AZK
|d DG1
|d GrThAP
|
| 019 |
|
|
|a 689995524
|a 699719988
|a 897922095
|a 899239994
|a 961493846
|a 962655392
|
| 020 |
|
|
|a 9781444325232
|q (electronic bk.)
|
| 020 |
|
|
|a 144432523X
|q (electronic bk.)
|
| 020 |
|
|
|a 9781405195652
|q (Cloth)
|
| 020 |
|
|
|a 1405195657
|q (Cloth)
|
| 020 |
|
|
|a 9781444325225
|q (electronic bk.)
|
| 020 |
|
|
|a 1444325221
|q (electronic bk.)
|
| 024 |
8 |
|
|a 9786612817748
|
| 024 |
7 |
|
|a 10.1002/9781444325225
|2 doi
|
| 029 |
1 |
|
|a AU@
|b 000046901127
|
| 029 |
1 |
|
|a AU@
|b 000050489511
|
| 029 |
1 |
|
|a DKDLA
|b 820120-katalog:000555569
|
| 029 |
1 |
|
|a HEBIS
|b 299814939
|
| 029 |
1 |
|
|a NLGGC
|b 389611638
|
| 029 |
1 |
|
|a NZ1
|b 14255583
|
| 029 |
1 |
|
|a NZ1
|b 15915659
|
| 035 |
|
|
|a (OCoLC)671395185
|z (OCoLC)689995524
|z (OCoLC)699719988
|z (OCoLC)897922095
|z (OCoLC)899239994
|z (OCoLC)961493846
|z (OCoLC)962655392
|
| 037 |
|
|
|a 281774
|b MIL
|
| 050 |
|
4 |
|a RG104
|b .B65 2011eb
|
| 060 |
|
4 |
|a WP 660
|b B7171 2010
|
| 072 |
|
7 |
|a MED
|x 082000
|2 bisacsh
|
| 072 |
|
7 |
|a HEA
|x 024000
|2 bisacsh
|
| 082 |
0 |
4 |
|a 618.1
|2 22
|
| 049 |
|
|
|a MAIN
|
| 245 |
0 |
0 |
|a Bonney's gynaecological surgery.
|
| 246 |
3 |
|
|a Gynaecological surgery
|
| 250 |
|
|
|a 11th ed. /
|b Tito Lopes [and others].
|
| 264 |
|
1 |
|a Chichester :
|b Wiley-Blackwell,
|c 2011.
|
| 300 |
|
|
|a 1 online resource (x, 272 pages) :
|b illustrations
|
| 336 |
|
|
|a text
|b txt
|2 rdacontent
|
| 337 |
|
|
|a computer
|b c
|2 rdamedia
|
| 338 |
|
|
|a online resource
|b cr
|2 rdacarrier
|
| 347 |
|
|
|a data file
|2 rda
|
| 380 |
|
|
|a Bibliography
|
| 504 |
|
|
|a Includes bibliographical references and index.
|
| 505 |
0 |
|
|a Bonney's Gynaecological Surgery; Contents; Preface to the eleventh edition; Preface to the ninth edition; Part 1: General; 1: Introduction and prologue; 2: Preparation for surgery; 3: Instruments, operative materials and basic surgical techniques; 4: Opening and closing the abdominal cavity; 5: The laparoscopic approach in gynaecology; 6: Postoperative care and complications; Part 2: Anatomical For the general gynaecologist and gynaecologist in training; 7: Operations on the vulva; 8: Operations on the vagina; 9: Operations on the cervix; 10: Operations on the uterine cavity.
|
| 520 |
|
|
|a Firm favourite for gynaecological surgical practice since 1911, extensively revised by leading gynaecological surgeons; Providing information on reconstructive surgery, anaesthesia, information technology and audit, complications and quality; Focusing on the most commonly performed procedures with emphasis on evidence-based decision making and the increasing use of laparoscopy in diagnostic and surgical procedures.
|
| 588 |
0 |
|
|a Print version record.
|
| 650 |
|
0 |
|a Generative organs, Female
|x Surgery.
|
| 650 |
|
2 |
|a Gynecologic Surgical Procedures.
|
| 650 |
|
2 |
|a Genitalia, Female
|x surgery.
|
| 650 |
|
4 |
|a Generative organs, Female.
|
| 650 |
|
4 |
|a Surgery.
|
| 650 |
|
4 |
|a Medicine.
|
| 650 |
|
7 |
|a MEDICAL
|x Reproductive Medicine & Technology.
|2 bisacsh
|
| 650 |
|
7 |
|a HEALTH & FITNESS
|x Women's Health.
|2 bisacsh
|
| 650 |
|
7 |
|a Generative organs, Female
|x Surgery.
|2 fast
|0 (OCoLC)fst00939949
|
| 655 |
|
4 |
|a Electronic books.
|
| 700 |
1 |
|
|a Lopes, Tito.
|
| 700 |
1 |
|
|a Bonney, Victor,
|d 1872-1953.
|t Gynaecological surgery.
|
| 776 |
0 |
8 |
|i Print version:
|t Bonney's gynaecological surgery.
|b 11th ed.
|d Chichester : Wiley-Blackwell, ©2010
|z 9781405195652
|w (DLC) 2010015117
|w (OCoLC)608618182
|
| 856 |
4 |
0 |
|u https://doi.org/10.1002/9781444325225
|z Full Text via HEAL-Link
|
| 994 |
|
|
|a 92
|b DG1
|